000 01456nam a2200409 i 4500
001 196044
003 ES-MaACL
005 20250804161028.0
008 240810s2019 sp | |||| 000 f spa
015 _aMON19
017 _aB 19434-2019
_bOficina Depósito Legal Barcelona
020 _a9788423356355
035 _a(OCoLC)1139008427
035 _a(SpMaBN)a6646096
035 _a991026609349708606
040 _aSpMaBN
_bspa
_cSpMaBN
_erda
080 _a821.134.2-31"19"
100 1 _aRedondo, Dolores,
_d1969-
_9175717
_eaut
240 1 3 _aLa cara norte del corazón
245 1 3 _aLa cara norte del corazón /
_cDolores Redondo.
250 _aPrimera edición: octubre de 2019
264 1 _aBarcelona :
_bEdiciones Destino,
_c[2019].
264 4 _c©2019
300 _a686 páginas :
_c24 cm.
336 _aTexto
_2rdacontent
337 _asin mediación
_2rdamedia
338 _avolumen
_2rdacarrier
490 1 _aÁncora y delfín ;
_v1481
500 _aIncluye glosario
655 7 _aNovelas de suspense
_2tgfbne
_9234410
852 _aES-MaACL
_bR.153176
_cDEPOJ
_jN-9171
_hDonación: Pilar Fernández Vera
_xEncuadernación cartoné (faltan las sobrecubiertas)
_9205077
903 _aFernández Vera, Pilar,
_d1961-
_ednr
_949420
942 _cMONOGRAFIA
_n0
999 _c196044
_d196044